Losowe hiszpańskie słowa #3 - Statystyki

Ogólne statystyki
  • Ten quiz został rozwiązany 1 611 razy
  • Średni wynik to 13 z 24
Statystyki odpowiedzi
Hiszpański Polski % Poprawnych
diablo diabeł
93%
sombrero kapelusz
88%
padre ojciec
85%
amor miłość
82%
y i
80%
bueno dobre
64%
sol słońce
60%
naranja pomarańczowy
58%
año rok
58%
donde gdzie
54%
lengua język
53%
vida życie
53%
montaña góra
52%
pan chleb
51%
diez dziesięć
50%
siempre zawsze
49%
cocina kuchnia
47%
marinero marynarz
44%
nada nic
37%
palabra słowo
26%
usted Pan
25%
bajo nisko
21%
reina królowa
18%
muchacho chłopiec
15%
Nie znaleziono quizów pasujących do podanych kryteriów
Rozkład punktacji
Procent ludzi z każdym wynikiem
Percentyl według liczby udzielonych odpowiedzi
Twoja historia wyników
Nie rozwiązałeś tego quizu